000 005080000a22001930004500
001 004708
003 MACL
005 20151015151139.0
008 151015b xxu||||| |||| 00| 0 eng d
040 _aMACL
_cMACL
041 _aEnglish
082 _a920.71
100 _aGuha, Ramachandra
_9607
245 _aBating For The Empire
_bA Political Biography Of Ranjitsinghji
_cRamachandra Guha
260 _aNoida
_c2003
_bPenguin Books,
350 _a299
650 _aBiography
_915026
942 _k921
_cBK
_2ddc
999 _c16595
_d16595